|
|
|
|
| LEADER |
00000cam a2200000 7i4500 |
| 001 |
0000001830 |
| 005 |
20020206.0 |
| 020 |
0 |
0 |
|a 9836239197
|
| 090 |
0 |
0 |
|a 839.7374
|b SCH 1994
|
| 100 |
1 |
0 |
|a SCHOULTZ
|h Solveig von
|
| 245 |
1 |
0 |
|a Nukilan hati :
|b antologi cerpen Finland
|c Solveig von Schoultz
|c penterjemah Syed Jaafar Syed Husin ... [et al.]
|
| 260 |
0 |
0 |
|a Kuala Lumpur :
|b DBP ,
|c 1994
|
| 300 |
|
|
|a 233 p. ;
|c 18 cm.
|
| 500 |
0 |
0 |
|a Translated from : Heartwork by Solveig von Schoultz
|
| 650 |
0 |
0 |
|a Short stories, Finnish (Swedish)
|
| 998 |
|
|
|a JPSM
|
| 999 |
|
|
|a 0000000205
|b Monograph
|c Open Shelf
|e Default branch
|